[Event "St Petersburg Korchnoi Memorial op"]
[Site "St Petersburg"]
[Date "2023.08.22"]
[Round "7"]
[White "Nuritdinov, Nizomitdin"]
[Black "Guryev, Yan"]
[Result "0-1"]
[WhiteElo "1659"]
[BlackElo "1369"]
[PlyCount "48"]
[EventDate "2023.08.18"]
[EventType "swiss"]
[EventRounds "9"]
[EventCountry "RUS"]
[SourceTitle "EXT 2024"]
[Source "ChessBase"]
[SourceDate "2023.10.10"]
[SourceVersion "1"]
[SourceVersionDate "2023.10.10"]
[SourceQuality "1"]

1. d4 Nf6 2. Nf3 e6 3. Bg5 b6 4. Nbd2 Bb7 5. c3 d5 6. e3 h6 7. Bh4 Be7 8. Ne5 Nbd7 9. Bb5 0-0 10. Ndf3 Nxe5 11. Nxe5 Ne4 12. Bg3 a6 13. Bd3 Nf6 14. 0-0 c5 15. Rc1 Rc8 16. Bb1 Ne4 17. f3 Nxg3 18. hxg3 f5 19. c4 Qe8 20. Kf2 h5 21. Rh1 g6 22. Rh3 Bf6 23. Nd3 b5 24. Ne5 Bxe5 0-1